Central Library OPAC University of Rajshahi

The study of population : (Record no. 33707)

MARC details
000 -LEADER
fixed length control field 00855nam a22002771 4500
001 - CONTROL NUMBER
control field 33707
003 - CONTROL NUMBER IDENTIFIER
rucl marc code BD-RjUL
005 - DATE AND TIME OF LATEST TRANSACTION
control field 20211209052039.0
008 - FIXED-LENGTH DATA ELEMENTS--GENERAL INFORMATION
fixed length control field 720518s1959 ilua 001 0 eng d
035 ## - SYSTEM CONTROL NUMBER
System control number (BD-RjUL)33798
System control number (OCoLC)311717
040 ## - CATALOGING SOURCE
Original cataloging agency DLC
Transcribing agency OClU
Modifying agency OCoLC
-- Uk
-- DLC
-- BD-RjUL
Language of cataloging eng
041 ## - LANGUAGE CODE
Language code of text/sound track or separate title eng
082 00 - DEWEY DECIMAL CLASSIFICATION NUMBER
Classification number 312
Author mark and year STU 1959
245 14 - TITLE STATEMENT
Title The study of population :
Remainder of title an inventory and appraisal /
Statement of responsibility, etc. edited by Philip M. Hauser and Otis Dudley Duncan.
260 ## - PUBLICATION, DISTRIBUTION, ETC. (IMPRINT)
Place of publication, distribution, etc. Chicago :
Name of publisher, distributor, etc. University of Chicago Press,
Date of publication, distribution, etc. 1959.
300 ## - PHYSICAL DESCRIPTION
Pagination 864 p. :
Illustrations ill. ;
Size 25 cm.
504 ## - BIBLIOGRAPHY, ETC. NOTE
Bibliography, etc Includes Index
650 #0 - SUBJECT ADDED ENTRY--TOPICAL TERM
Topical term or geographic name as entry element Demography.
9 (RLIN) 102343
Topical term or geographic name as entry element Population.
9 (RLIN) 102344
700 1# - ADDED ENTRY--PERSONAL NAME
Personal name Duncan, Otis Dudley,
Relator term joint ed.
Personal name Hauser, Philip Morris,
942 ## - ADDED ENTRY ELEMENTS (KOHA)
Source of classification or shelving scheme Dewey Decimal Classification
Koha item type Books
Holdings
Lost status Source of classification or shelving scheme Damaged status Not for loan Collection code Permanent Location Current Location Shelving location Date acquired Source of acquisition Cost, normal purchase price Total Checkouts Full call number Date last seen Copy number Koha item type
  Dewey Decimal Classification     Non-fiction Central Library, University of Rajshahi Central Library, University of Rajshahi   30/03/1964 Unknowen Gift 0.00   312 STU 1959 11/05/2014 C-3 Books
  Dewey Decimal Classification   Not For Loan Non-fiction Central Library, University of Rajshahi Central Library, University of Rajshahi Reading Room 30/03/1964 Zeitlinger 120.00   312 STU 1959 11/05/2014 C-1 Books
  Dewey Decimal Classification     Non-fiction Central Library, University of Rajshahi Central Library, University of Rajshahi   12/05/1964 Zeitlinger 120.00   312 STU 1959 17/05/2014 C-2 Books
  Dewey Decimal Classification     Non-fiction Central Library, University of Rajshahi Central Library, University of Rajshahi   15/11/1965 Zeitlinger 105.00   312 STU 1959 20/05/2014 C-4 Books
  Dewey Decimal Classification     Non-fiction Central Library, University of Rajshahi Central Library, University of Rajshahi   15/11/1965 zeetlinger 105.00   312 STU 1959 12/06/2014 C-3 Books
  Dewey Decimal Classification     Non-fiction Central Library, University of Rajshahi Central Library, University of Rajshahi   31/10/1967 Population Council. 0.00   312 STU 1964 16/06/2014 C-5 Books
  Dewey Decimal Classification     Non-fiction Central Library, University of Rajshahi Central Library, University of Rajshahi   15/11/1965 Zeitlinger. 105.00   312 STU 1964 19/06/2014 C-6 Books
  Dewey Decimal Classification     Non-fiction Central Library, University of Rajshahi Central Library, University of Rajshahi   24/07/1964 Zeitlinger 75.00   312 STU 1959 21/11/2016 C-7 Books